000 00273 a2200073 4500
245 0 _aCCIR Plenary Assembly New Delhi, 1970 :
_bMobile Services (Study Group 8) /
_c.
_nVol.6
710 2 _aInternational Telecommunication Union.
_eWydawca
_4pbl
260 _aGeneva :
_bITU,
_c1970.
300 _a314 s.;
_c24 cm.
999 _c13306
_d13306